Riziká a ochrana pre IKT vo firme bakalárska práca

Enregistré dans:
Détails bibliographiques
Auteur principal: Polláková, Zuzana
Collectivité auteur: Fakulta hospodárskej informatiky EU. Katedra aplikovanej informatiky
Autres auteurs: Cárachová, Magdaléna
Format: Livre
Langue:slovaque
Publié: Bratislava 2013
Tags: Ajouter un tag
Pas de tags, Soyez le premier à ajouter un tag!

MARC

LEADER 00000nbm a2200000 4500
001 0173118
005 20161109112139.7
041 0 |a slo 
044 |a SK 
245 1 0 |a Riziká a ochrana pre IKT vo firme  |b bakalárska práca  |c Zuzana Polláková ; školiteľ: Magdaléna Cárachová 
264 1 |a Bratislava  |c 2013 
300 |a 48 s. 
100 1 |a Polláková, Zuzana 
700 1 |a Cárachová, Magdaléna 
710 2 |a Fakulta hospodárskej informatiky EU. Katedra aplikovanej informatiky